Mike Parrett's guide to building pathology - Set of 6 training DVDs (Record no. 104804)

MARC details
000 -LEADER
fixed length control field 00426cam a2200157 4500
001 - CONTROL NUMBER
control field L131702
008 - FIXED-LENGTH DATA ELEMENTS--GENERAL INFORMATION
fixed length control field 051130n2005 000 0 eng u
035 ## - SYSTEM CONTROL NUMBER
System control number (Sirsi) u131702
100 ## - MAIN ENTRY--PERSONAL NAME
Personal name Parrett, Mike
245 ## - TITLE STATEMENT
Title Mike Parrett's guide to building pathology - Set of 6 training DVDs
260 ## - PUBLICATION, DISTRIBUTION, ETC.
Place of publication, distribution, etc. Limelite Media Limited
Date of publication, distribution, etc. 2005
350 ## - PRICE (NR) (BK AM CF MU VM SE) [OBSOLETE]
Price 309.99
520 ## - SUMMARY, ETC.
Summary, etc. Due to be published April 2006
942 ## - ADDED ENTRY ELEMENTS (KOHA)
Suppress in OPAC 0

No items available.